El niño ante el espacio : (Record no. 41087)

MARC details
000 -CABECERA
campo de control de longitud fija 00725nam a2200217 a 4500
005 - FECHA Y HORA DE LA ÚLTIMA TRANSACCIÓN
campo de control 20210223122750.0
008 - ELEMENTOS DE LONGITUD FIJA--INFORMACIÓN GENERAL
campo de control de longitud fija 991125s1980 es 000 0 spa u
020 ## - NÚMERO INTERNACIONAL NORMALIZADO PARA LIBROS
Número Internacional Estándar del Libro 8474300487
035 ## - NÚMERO DE CONTROL DEL SISTEMA
Número de control de sistema UPN01000041087
049 ## - COLECCIÓN
Colección CG
050 #4 - SIGNATURA TOPOGRÁFICA DE LA BIBLIOTECA DEL CONGRESO
Número de clasificación QA611.19
Número de documento/Ítem S3.58
100 1# - ASIENTO PRINCIPAL--NOMBRE PERSONAL
Nombre de persona Sauvy, Jean
245 13 - MENCIÓN DE TÍTULO
Título El niño ante el espacio :
Resto del título iniciación a la topología intuitiva de la rayuela a los laberintos /
Mención de responsabilidad, etc. Jean Sauvy y Simonne Sauvy ; tr. José Ma. Ramírez Sintes.
260 ## - PUBLICACIÓN, DISTRIBUCIÓN, ETC.
Lugar de publicación, distribución, etc. Madrid :
Nombre del editor, distribuidor, etc. P. del Río,
Fecha de publicación, distribución, etc. 1980.
300 ## - DESCRIPCIÓN FÍSICA
Extensión 107 p. :
Otras características físicas il.
440 #0 - MENCIÓN DE SERIE/ASIENTO SECUNDARIO--TÍTULO
Título Síntesis ;
Designación de volumen o secuencia 7
650 #4 - ASIENTO SECUNDARIO DE MATERIA - TERMINO TEMATICO
Término de materia o nombre geográfico como elemento de entrada PERCEPCION ESPACIAL
9 (RLIN) 8166
650 #4 - ASIENTO SECUNDARIO DE MATERIA - TERMINO TEMATICO
Término de materia o nombre geográfico como elemento de entrada TOPOLOGIA -
Subdivisión de forma PROBLEMAS, EJERCICIOS, ETC.
9 (RLIN) 22544
700 1# - ASIENTO SECUNDARIO--NOMBRE DE PERSONAL
Nombre de persona Sauvy, Simonne,
Término indicativo de función/relación coaut.
905 ## - TIPO DE MATERIAL
Tipo de material Libro
Holdings
Estado de retiro Estado de pérdida Fuente del sistema de clasificación o colocación Estado dañado No para préstamo Código de colección Localización permanente Ubicación/localización actual Ubicación en estantería Total de préstamos Clasificación Código de barras Fecha visto por última vez Número de copia Tipo de ítem Koha
    Library of Congress Classification     Colección General Bib. Gregorio Torres Quintero Bib. Gregorio Torres Quintero Planta baja 11 QA611.19 S3.58 67808 31/12/2020 1 Libro